Sports Quiz

Random Sports or Rugby Quiz
Score 0/300 Timer 15:00
1 Play Today
Hint Answer % Correct
2013-14Brian O'Driscoll
98.6%
2009-10Jonathan Sexton
98.2%
2010-11Jonathan Sexton
98.2%
2011-12Jonathan Sexton
98.2%
2012-13Jonathan Sexton
98.2%
2013-14Gordon D'Arcy
98.1%
1999-00Brian O’Driscoll
98.1%
2000-01Gordon D'Arcy
98.1%
2000-01Brian O’Driscoll
98.1%
2001-02Gordon D'Arcy
98.1%
2001-02Brian O’Driscoll
98.1%
2002-03Gordon D'Arcy
98.1%
2002-03Brian O’Driscoll
98.1%
2003-04Gordon D'Arcy
98.1%
2003-04Brian O’Driscoll
98.1%
2004-05Brian O’Driscoll
98.1%
2004-05Gordon D'Arcy
98.1%
2005-06Gordon D'Arcy
98.1%
2006-07Brian O’Driscoll
98.1%
2006-07Gordon D'Arcy
98.1%
2007-08Brian O’Driscoll
98.1%
2007-08Gordon D'Arcy
98.1%
2008-09Brian O’Driscoll
98.1%
2009-10Brian O’Driscoll
98.1%
2009-10Gordon D'Arcy
98.1%
2010-11Brian O’Driscoll
98.1%
2010-11Gordon D'Arcy
98.1%
2011-12Gordon D'Arcy
98.1%
2012-13Brian O’Driscoll
98.1%
2012-13Gordon D'Arcy
98.1%
2013-14Jamie Heaslip
97.3%
2014-15Jamie Heaslip
97.3%
2005-06Jamie Heaslip
97.1%
2006-07Jamie Heaslip
97.1%
2007-08Jamie Heaslip
97.1%
2008-09Jamie Heaslip
97.1%
2009-10Jamie Heaslip
97.1%
2010-11Jamie Heaslip
97.1%
2011-12Jamie Heaslip
97.1%
2012-13Jamie Heaslip
97.1%
2013-14Rob Kearney
96.5%
2014-15Rob Kearney
96.5%
2013-14Dave Kearney
96.4%
2007-08Rob Kearney
96.3%
2008-09Rob Kearney
96.3%
2009-10Rob Kearney
96.3%
2011-12Rob Kearney
96.3%
2013-14Cian Healy
95.2%
2008-09Cian Healy
94.8%
2009-10Cian Healy
94.8%
2010-11Cian Healy
94.8%
2012-13Cian Healy
94.8%
2013-14Eoin Reddan
94.6%
2014-15Eoin Reddan
94.6%
2009-10Eoin Reddan
94.1%
2010-11Eoin Reddan
94.1%
2011-12Eoin Reddan
94.1%
2013-14Sean O'Brien
93%
2013-14Devin Toner
92.6%
2014-15Devin Toner
92.6%
2010-11Sean O'Brien
92.2%
2011-12Sean O'Brien
92.2%
2012-13Sean O'Brien
92.2%
2013-14Sean Cronin
92.1%
2014-15Sean Cronin
92.1%
1999-00Declan O’Brien
91.7%
2011-12Devin Toner
90.9%
2012-13Devin Toner
90.9%
1998-99Shane Horgan
90.7%
1999-00Shane Horgan
90.7%
2000-01Shane Horgan
90.7%
2001-02Shane Horgan
90.7%
2002-03Shane Horgan
90.7%
2003-04Shane Horgan
90.7%
2004-05Shane Horgan
90.7%
2005-06Shane Horgan
90.7%
2006-07Shane Horgan
90.7%
2007-08Shane Horgan
90.7%
2008-09Shane Horgan
90.7%
2009-10Shane Horgan
90.7%
2010-11Shane Horgan
90.7%
2013-14Mike Ross
90.6%
2014-15Mike Ross
90.6%
2001-02Leo Cullen
90.3%
2002-03Leo Cullen
90.3%
2004-05Leo Cullen
90.3%
2007-08Leo Cullen
90.3%
2008-09Isa Nacewa
90.3%
2008-09Leo Cullen
90.3%
2009-10Isa Nacewa
90.3%
2009-10Leo Cullen
90.3%
2010-11Isa Nacewa
90.3%
2010-11Leo Cullen
90.3%
2011-12Isa Nacewa
90.3%
2011-12Leo Cullen
90.3%
2012-13Isa Nacewa
90.3%
2012-13Leo Cullen
90.3%
2011-12Sean Cronin
90.2%
2013-14Luke Fitzgerald
89.9%
2014-15Luke Fitzgerald
89.9%
Hint Answer % Correct
2010-11Mike Ross
89.5%
2011-12Mike Ross
89.5%
2012-13Mike Ross
89.5%
2008-09Luke Fitzgerald
89.2%
2010-11Luke Fitzgerald
89.2%
2011-12Luke Fitzgerald
89.2%
2014-15Jack McGrath
88.5%
1998-99Girvan Dempsey
86.5%
1999-00Girvan Dempsey
86.5%
2000-01Girvan Dempsey
86.5%
2001-02Girvan Dempsey
86.5%
2002-03Girvan Dempsey
86.5%
2003-04Girvan Dempsey
86.5%
2004-05Girvan Dempsey
86.5%
2005-06Girvan Dempsey
86.5%
2006-07Girvan Dempsey
86.5%
2007-08Girvan Dempsey
86.5%
2012-13Isaac Boss
84.8%
2010-11Richardt Strauss
84.4%
2012-13Richardt Strauss
84.4%
1996-97Malcolm O'Kelly
83.5%
1999-00Malcolm O'Kelly
83.5%
2000-01Malcolm O'Kelly
83.5%
2001-02Malcolm O'Kelly
83.5%
2002-03Malcolm O'Kelly
83.5%
2003-04Malcolm O'Kelly
83.5%
2004-05Malcolm O'Kelly
83.5%
2005-06Malcolm O'Kelly
83.5%
2006-07Malcolm O'Kelly
83.5%
2007-08Malcolm O'Kelly
83.5%
2008-09Malcolm O'Kelly
83.5%
2014-15Ian Madigan
82.8%
2005-06Felipe Contepomi
82.7%
2006-07Felipe Contepomi
82.7%
2007-08Felipe Contepomi
82.7%
2008-09Felipe Contepomi
82.7%
1996-97Denis Hickie
82.2%
1997-98Denis Hickie
82.2%
1998-99Denis Hickie
82.2%
1999-00Denis Hickie
82.2%
2000-01Denis Hickie
82.2%
2001-02Denis Hickie
82.2%
2002-03Denis Hickie
82.2%
2004-05Denis Hickie
82.2%
2005-06Denis Hickie
82.2%
2006-07Denis Hickie
82.2%
1995-96Shane Byrne
81.7%
1997-98Shane Byrne
81.7%
1998-99Shane Byrne
81.7%
1999-00Shane Byrne
81.7%
2000-01Shane Byrne
81.7%
2001-02Shane Byrne
81.7%
2002-03Shane Byrne
81.7%
2003-04Shane Byrne
81.7%
2004-05Shane Byrne
81.7%
1998-99Emmett Byrne
81.1%
2000-01Emmett Byrne
81.1%
2001-02Emmett Byrne
81.1%
2002-03Emmett Byrne
81.1%
2004-05Emmett Byrne
81.1%
2012-13Ian Madigan
81.1%
2014-15Jordi Murphy
80.7%
2011-12Fergus McFadden
78.9%
2012-13Fergus McFadden
78.9%
2014-15Fergus McFadden
78.9%
2004-05Shane Jennings
78.2%
2007-08Shane Jennings
78.2%
2008-09Shane Jennings
78.2%
2009-10Shane Jennings
78.2%
2010-11Shane Jennings
78.2%
2011-12Shane Jennings
78.2%
2008-09Rocky Elsom
76.3%
2013-14Jimmy Gopperth
72.3%
2014-15Jimmy Gopperth
72.3%
2013-14Rhys Ruddock
71.6%
1995-96Victor Costello
68.9%
1996-97Victor Costello
68.9%
1997-98Victor Costello
68.9%
1998-99Victor Costello
68.9%
1999-00Victor Costello
68.9%
2000-01Victor Costello
68.9%
2001-02Victor Costello
68.9%
2002-03Victor Costello
68.9%
2003-04Victor Costello
68.9%
2004-05Victor Costello
68.9%
2013-14Mike McCarthy
67.7%
2014-15Mike McCarthy
67.7%
2014-15Dominic Ryan
67.2%
1997-98Reggie Corrigan
67%
1999-00Reggie Corrigan
67%
2000-01Reggie Corrigan
67%
2001-02Reggie Corrigan
67%
2002-03Reggie Corrigan
67%
2003-04Reggie Corrigan
67%
2004-05Reggie Corrigan
67%
2005-06Reggie Corrigan
67%
2007-08Bernard Jackman
65%
2008-09Bernard Jackman
65%
2009-10Nathan Hines
62.7%
2010-11Nathan Hines
62.7%
Hint Answer % Correct
2004-05Guy Easterby
62.4%
2005-06Guy Easterby
62.4%
2007-08Guy Easterby
62.4%
2001-02Keith Gleeson
61.5%
2002-03Keith Gleeson
61.5%
2003-04Keith Gleeson
61.5%
2005-06Keith Gleeson
61.5%
2006-07Keith Gleeson
61.5%
2007-08Keith Gleeson
61.5%
2009-10Kevin McLaughlin
60.9%
2012-13Kevin McLaughlin
60.9%
2006-07Chris Whitaker
58.6%
2008-09Chris Whitaker
58.6%
2001-02Eric Miller
57.9%
2002-03Eric Miller
57.9%
2003-04Eric Miller
57.9%
2004-05Eric Miller
57.9%
2006-07Stan Wright
56.4%
2007-08Stan Wright
56.4%
2008-09Stan Wright
56.4%
1995-96Conor O’Shea
53.9%
1995-96Paul Wallace
53.1%
1996-97Paul Wallace
53.1%
2011-12Heinke van der Merwe
53.1%
2000-01Brian O’Meara
49.3%
2001-02Brian O’Meara
49.3%
2002-03Brian O’Meara
49.3%
2003-04Brian O’Meara
49.3%
2009-10CJ van der Linde
45.2%
1997-98Trevor Brennan
41.3%
1998-99Trevor Brennan
41.3%
2000-01Trevor Brennan
41.3%
2014-15Darragh Fanning
41.2%
2006-07Trevor Hogan
39.5%
2007-08Ollie le Roux
38.8%
2009-10John Fogarty
37.2%
2005-06Will Green
34.4%
2006-07Will Green
34.4%
1999-00Bob Casey
34.2%
2000-01Bob Casey
34.2%
2001-02Nathan Spooner
32.8%
2005-06Cameron Jowitt
32.3%
1995-96Alain Rolland
31.3%
1996-97Alain Rolland
31.3%
2004-05David Holwell
30.7%
2006-07Stephen Keogh
30.5%
2005-06David Blaney
30.2%
2006-07David Blaney
30.2%
1995-96Neil Francis
29.8%
1996-97Neil Francis
29.8%
1999-00Liam Toland
29.8%
2000-01Liam Toland
29.8%
2002-03Christian Warner
29%
2003-04Christian Warner
29%
1997-98John McWeeney
28%
1999-00John McWeeney
28%
2003-04John McWeeney
28%
2000-01Eddie Hekenui
27.6%
1995-96Niall Woods
26.2%
2003-04Ben Gissing
24.2%
2005-06Bryce Williams
23.2%
2005-06Kieran Lewis
22.7%
1995-96Alan McGowan
21.9%
1996-97Alan McGowan
21.9%
1997-98Alan McGowan
21.9%
1998-99Alan McGowan
21.9%
1998-99Patrick Ward
21.9%
1995-96Vince Cunningham
21.6%
1999-00Emmett Farrell
21.5%
1995-96Chris Pim
20.7%
1996-97Chris Pim
20.7%
1996-97Ciaran Clarke
20.4%
1995-96Kurt McQuilkin
19.8%
1996-97Kurt McQuilkin
19.8%
1997-98Kurt McQuilkin
19.8%
1998-99Gabriel Fulcher
18.6%
2003-04Peter Coyle
18.1%
1997-98Kevin Nowlan
17.3%
1998-99Kevin Nowlan
17.3%
1997-98Steve Jameson
17%
1996-97Martin Ridge
16.6%
1997-98Martin Ridge
16.6%
1998-99Martin Ridge
16.6%
1995-96Stephen Rooney
16.3%
1996-97Stephen Rooney
16.3%
1997-98David O’Sullivan
15.9%
1996-97Mark McDermott
15%
1998-99Derek Hegarty
14.1%
1999-00Derek Hegarty
14.1%
1999-00Gary Halpin
13.9%
1996-97Darragh O’Mahony
12.1%
1997-98David O’Mahony
12.1%
1995-96Henry Hurley
11.9%
1996-97Henry Hurley
11.9%
1995-96Brian Rigney
11.8%
1995-96Patrick Gavin
11%
1997-98Angus McKeen
11%
1998-99Angus McKeen
11%
1997-98Aaron Freeman
10.6%
1998-99Pat Holden
8.2%

You're not logged in!

Compare scores with friends on all Sporcle quizzes.
OR
Log In

Sporcle TV

Today on Sporcle TV


Watch our educational content, quiz creation guides, and fun videos on Sporcle TV.

Show Comments

Extras

Top Quizzes Today


Score Distribution

Paid Content

Your Account Isn't Verified!

In order to create a playlist on Sporcle, you need to verify the email address you used during registration. Go to your Sporcle Settings to finish the process.

Report this User

Report this user for behavior that violates our Community Guidelines.

Details: